000 00636nam a2200181 a 4500
001 000040284
005 20201002034031.0
008 130802s2004 mx 000 0 spa d
020 _a9703215106
040 _aDO-SdBNP
_bspa
_cBNPHU
100 1 _aCarrasquilla, Tomás
_d1904-1974
_966560
245 1 0 _aEn la diestra de Dios padre /
_cTomás Carrasquillas ; introducción R. H. Moreno Durán.
260 _aMéxico :
_bUniversidad Nacional Autónoma de México,
_c2004.
300 _a34 p. ;
_c18 cm.
490 1 _aRelato Licenciado Vidriera
_v18
700 1 _aMoreno Durán, R. H
_966561
830 0 _aRelato Licenciado Vidriera
_v18
_966234
999 _c39774
_d39774